004910000a22001570004500020001800000041000800018082002000026100002100046245012400067260003700191300001200228001000500240336002700245337003300272338002800305 a0-89638-072-60 aENG04aG 362.292 T991e1 aTyppo, Marion H.10aAn elephant in the living room : A leader's guide for helping childen of alcoholics / Marion H. Typpo, Jill M. Hastings aMinneapolis, MN., USA : CompCare a129 Pag9744 atextobtxt2rdacontent 2rdamediaasin mediaciónbn 2rdacarrieravolumenbnc